ANALYSIS OF THE ECONOMIC-SOCIAL IMPACT OF VENEZUELAN MIGRATION IN LATIN AMERICA

Bibliographic Details
Main Author: Damián Mr. Salcedo
Other Authors: Szilagyi Dr. Judit
Format: Thesis
Kulcsszavak:Immigration
Venezuela
Latin America
Online Access:http://dolgozattar.uni-bge.hu/20642

MARC

LEADER 00000nta a2200000 i 4500
001 dolg20642
005 20190506083936.0
008 190506suuuu hu om 000 eng d
040 |a BGE Dolgozattár Repozitórium  |b hun 
041 |a en 
100 1 |a Damián Mr. Salcedo 
245 1 0 |a ANALYSIS OF THE ECONOMIC-SOCIAL IMPACT OF VENEZUELAN MIGRATION IN LATIN AMERICA  |c Damián Mr. Salcedo  |h [elektronikus dokumentum] 
246 1 1 |a ANALYSIS OF THE ECONOMIC-SOCIAL IMPACT OF VENEZUELAN MIGRATION IN LATIN AMERICA 
695 |a Immigration 
695 |a Venezuela 
695 |a Latin America 
700 1 |a Szilagyi Dr. Judit  |e ths 
856 4 0 |u http://dolgozattar.uni-bge.hu/20642/1/ANALYSIS%20OF%20THE%20ECONOMIC-SOCIAL%20IMPACT%20OF%20VENEZUELAN%20MIGRATION%20IN%20LATIN%20AMERICA.pdf  |z Dokumentum-elérés